Eritrea-visa - Statistics

Yleistilastot
  • Tätä visaa on pelattu 287 kertaa
  • Keskiarvotulos 10 / 18
Vastaustilastot
Vihje Vastaus % Oikein
Eritrean pienin naapurimaa Djibouti
94%
Eritrean suurin naapurimaa Sudan
93%
Valtio, josta Eritrea itsenäistyi 1993 Etiopia
91%
Meri, jonka rannalla Eritrea sijaitsee Punainenmeri
88%
Viralliset kielet Arabia
85%
Niemimaa, johon Eritrea kuuluu Afrikan {sarvi}
83%
Viralliset kielet Englanti
81%
Valtio, joka hallitsi Eritreaa 1882–1936 Italia
78%
Pääkaupunki Asmara
63%
Eritrean perinteinen ruoka "injera" on eräänlainen ____ Leipä
45%
Eläin Eritrean vaakunassa Kameli
43%
Eritrean suurin kristitty kirkkokunta Koptilaisuus
41%
Valuutta Nakfa
28%
Eritrean diktaattori ja sen historian ainoa presidentti Isaias Afewerki
15%
Viralliset kielet Tigrinja
15%
Muinainen kuningaskunta, joka hallitsi suurta osaa nykyisen Eritrean alueesta 100–940 Aksum
14%
Laaja saaristo maan itäpuolella Dahlak
13%
Toiseksi suurin kaupunki Keren
12%
Ehtoja vastaavia visoja ei löytynyt
Tulosjakauma
Jokaisen tuloksen saaneiden osuus
Persentiili vastausten määrän mukaan
Tuloshistoriasi
Et ole pelannut tätä visaa